LIBRARY & INFORMATION CENTRE, KCAET, TAVANUR

ONLINE PUBLIC ACCESS CATALOGUE (OPAC)

Atomic physics / (Record no. 9297)

MARC details
000 -LEADER
fixed length control field 00398cam a2200169ua 4500
041 ## - LANGUAGE CODE
Language code of text/sound track or separate title eng
082 ## - DEWEY DECIMAL CLASSIFICATION NUMBER
Classification number 539.7
Item number YAK/AT
100 ## - MAIN ENTRY--AUTHOR NAME
Personal name Yakub, Syed .
245 ## - TITLE STATEMENT
Title Atomic physics /
260 ## - PUBLICATION, DISTRIBUTION, ETC. (IMPRINT)
Place of publication Chennai :
Name of publisher S.Viswanathan ,
Year of publication 1961.
300 ## - PHYSICAL DESCRIPTION
Number of Pages 126 ; .
700 1# - ADDED ENTRY--PERSONAL NAME
Personal name Manikkam, .
942 ## - ADDED ENTRY ELEMENTS (KOHA)
Koha item type Books
Holdings
Withdrawn status Lost status Damaged status Home library Current library Date acquired Cost, normal purchase price Full call number Accession Number Koha item type Public note
Withdrawn     KAUAET KAUAET 07/04/2012 2.50 539.7 7235 Books  
Withdrawn     KAUAET Sanskrit University 07/04/2012 2.50 539.7 7234 Books Transferred to Sanskrit University
free website counter